Jugadores Míticos España - Estadísticas

Estadísticas generales
  • Esta prueba ha sido intentada 105 veces
  • La puntuación promedio es 16 de 20
Estadísticas de respuestas
Imagen Respuesta % Correcto
Casillas
99%
Busquets
98%
Iniesta
98%
Pique
98%
Sergio Ramos
98%
Puyol
97%
Torres
97%
Xavi
97%
Villa
95%
Xabi Alonso
95%
Jordi Alba
93%
Cesc Fabregas
89%
Hierro
88%
Rodri
87%
Raul
84%
Butragueño
70%
Luis Suarez
63%
Morientes
51%
Gento
37%
Iribar
12%
No se encontraron pruebas coincidentes
Distribución de puntuación
Porcentaje de gente con cada puntuación
Porcentaje por número respondido
Historial de tus puntuaciones
No has intentado esta prueba.